Fazovyj analiz v fizike jadernych vzaimodejstvij /

Na minha lista:
Detalhes bibliográficos
Autor principal: Nichitiu, Florian (Author)
Outros Autores: Serdjuk, V.Z (Translator)
Formato: Livro
Idioma:russo
Publicado em: Moskva : Mir, 1983
Assuntos:
Tags: Adicionar Tag
Sem tags, seja o primeiro a adicionar uma tag!

MARC

LEADER 00000nam a22000003a 4500
001 stu43275
005 20150617225717.3
008 940831s1983----xxr-----------------rus-d
040 |a STU  |b slo 
041 0 |a rus 
044 |a xxr 
080 |a 539.12 
100 1 |a Nichitiu, Florian  |4 aut 
245 1 |a Fazovyj analiz v fizike jadernych vzaimodejstvij /  |c [aut.]Florian Nichitiu; Z rum. V.Z. Serdjuk 
260 |a Moskva :  |b Mir,  |c 1983 
300 |a 416 s 
650 7 |a častice elementárne  |2 stusub 
700 1 |a Serdjuk, V.Z  |4 trl 
996 |b 284M022416  |c M*8779-1  |l MMKN  |s A  |a 24  |w stu43275_0001